000 00662nam a2200205 a 4500
001 000009972
005 20240412074214.0
008 091002s1996 dr r 000 p spa d
040 _aDO-SdBNP
_bspa
_cBNPHU
082 _aRD861.44
_bC965o, 1996
100 1 _aCuevas, Juan Pablo
_924920
245 1 0 _aOvertime :
_bpoemas de verano entre fatigas /
_cJuan Pablo Cuevas.
250 _a2a. ed.
260 _aSanto Domingo :
_aServicios Gráficos Integrados,
_c1996.
300 _a75 p. :
_bil. ;
_c24 cm.
590 _aInventariado, 2018/BT
650 0 _aCuentos dominicanos
_9176
650 0 _aLiteratura dominicana.
_967
910 _aValidado. Control de calidad. MFF
999 _c9731
_d9731